[Event "Sydney op"]
[Site "Parramatta"]
[Date "2010.04.09"]
[Round "5"]
[White "Kumar, Manoj"]
[Black "Yu, Sally"]
[Result "0-1"]
[WhiteElo "2040"]
[BlackElo "1933"]
[PlyCount "92"]
[EventDate "2010.04.07"]
[EventType "swiss"]
[EventRounds "9"]
[EventCountry "AUS"]
[SourceTitle "CBM 135 Extra"]
[Source "ChessBase"]
[SourceDate "2010.05.04"]
[SourceVersion "1"]
[SourceVersionDate "2010.05.04"]
[SourceQuality "1"]

1. d4 d5 2. Nf3 Nf6 3. Bf4 c5 4. e3 Nc6 5. c3 Qb6 6. Qb3 c4 7. Qxb6 axb6 8. Nbd2 b5 9. Ne5 e6 10. Be2 b4 11. 0-0 bxc3 12. bxc3 Nxe5 13. Bxe5 Be7 14. a4 Bd7 15. Rfb1 Bc6 16. Bd1 0-0 17. Bc2 Ra6 18. h3 Rfa8 19. Bc7 Bd8 20. Bxd8 Rxd8 21. Nf3 Nd7 22. Rb4 Rda8 23. Rab1 f6 24. Kh2 b6 25. Ra1 b5 26. axb5 Rxa1 27. bxc6 Nf8 28. e4 R1a6 29. exd5 exd5 30. c7 Rc8 31. Rb5 Rd6 32. Rc5 Nd7 33. Bf5 g6 34. Bxd7 Rxd7 35. g4 Rcxc7 36. Ra5 Ra7 37. Rb5 Ra3 38. g5 Rxc3 39. Rb8+ Kg7 40. gxf6+ Kxf6 41. Ne5 Rc7 42. Ng4+ Kg7 43. Kg2 Rb3 44. Ra8 c3 45. Ra1 c2 46. Rc1 Rb1 0-1

[Event "Sydney op"]
[Site "Parramatta"]
[Date "2010.04.07"]
[Round "2"]
[White "Deen Cowell, Nicholas Andrew"]
[Black "Kumar, Manoj"]
[Result "1/2-1/2"]
[WhiteElo "1896"]
[BlackElo "2040"]
[PlyCount "74"]
[EventDate "2010.04.07"]
[EventType "swiss"]
[EventRounds "9"]
[EventCountry "AUS"]
[SourceTitle "CBM 135 Extra"]
[Source "ChessBase"]
[SourceDate "2010.05.04"]
[SourceVersion "1"]
[SourceVersionDate "2010.05.04"]
[SourceQuality "1"]

1. e4 e5 2. Nf3 Nc6 3. Bb5 a6 4. Ba4 Nf6 5. 0-0 Be7 6. Re1 b5 7. Bb3 0-0 8. c3 d6 9. d4 Bb7 10. Nbd2 Re8 11. Nf1 Bf8 12. Ng3 g6 13. h3 Bg7 14. a4 Na5 15. Bc2 Nc4 16. Bd3 c6 17. Bxc4 bxc4 18. dxe5 dxe5 19. Qxd8 Raxd8 20. Nd2 c5 21. Nxc4 h5 22. f3 Bc6 23. Be3 Bf8 24. Nf1 Rb8 25. Bf2 Nd7 26. Nfe3 Nb6 27. Nxb6 Rxb6 28. Nc4 Rbb8 29. Bh4 Kg7 30. Red1 f6 31. Na5 Ba8 32. Rd2 g5 33. Bf2 Kg6 34. g4 Rec8 35. b3 Bc6 36. Nxc6 Rxc6 37. Rb1 Rcb6 1/2-1/2

[Event "Oceania zt"]
[Site "Gold Coast"]
[Date "2009.06.26"]
[Round "9"]
[White "Selnes, Hamish"]
[Black "Kumar, Manoj"]
[Result "1/2-1/2"]
[WhiteElo "1921"]
[BlackElo "2017"]
[PlyCount "62"]
[EventDate "2009.06.20"]
[EventType "swiss"]
[EventRounds "9"]
[EventCountry "AUS"]
[SourceTitle "CBM 130 Extra"]
[Source "ChessBase"]
[SourceDate "2009.07.02"]
[SourceVersion "2"]
[SourceVersionDate "2009.07.15"]
[SourceQuality "1"]

1. d4 Nf6 2. c4 e6 3. Nc3 Bb4 4. a3 Bxc3+ 5. bxc3 b6 6. f3 Ba6 7. e4 Nc6 8. Nh3 Na5 9. Qa4 Qc8 10. Nf2 0-0 11. Bd3 Ne8 12. c5 Bxd3 13. Nxd3 d6 14. cxd6 cxd6 15. Bd2 Qc4 16. Qxc4 Nxc4 17. Ke2 Nc7 18. Rhb1 Rfc8 19. Nb2 Na6 20. Nxc4 Rxc4 21. Kd3 Rac8 22. a4 Nb8 23. a5 Nd7 24. axb6 axb6 25. Ra7 R4c7 26. Rba1 f6 27. Rxc7 Rxc7 28. Be3 Kf7 29. Ra6 Ke7 30. Ra8 b5 31. Ra6 Rb7 1/2-1/2

[Event "Oceania zt"]
[Site "Gold Coast"]
[Date "2009.06.25"]
[Round "8"]
[White "Kumar, Manoj"]
[Black "Stead, Kerry"]
[Result "0-1"]
[WhiteElo "2017"]
[BlackElo "2087"]
[PlyCount "110"]
[EventDate "2009.06.20"]
[EventType "swiss"]
[EventRounds "9"]
[EventCountry "AUS"]
[SourceTitle "CBM 130 Extra"]
[Source "ChessBase"]
[SourceDate "2009.07.02"]
[SourceVersion "2"]
[SourceVersionDate "2009.07.15"]
[SourceQuality "1"]

1. e4 g6 2. d4 Bg7 3. Nc3 c6 4. Be3 d5 5. f3 h5 6. Qd2 Nh6 7. h3 e6 8. 0-0-0 Nd7 9. Be2 b6 10. g4 Ng8 11. gxh5 Rxh5 12. f4 Rh8 13. f5 gxf5 14. exf5 Ndf6 15. Nf3 exf5 16. Ne5 Qc7 17. Rdg1 Bh6 18. Bxh6 Nxh6 19. Nxc6 Ne4 20. Qe3 Be6 21. Ne5 a6 22. Bf3 0-0-0 23. Be2 Kb7 24. Nd1 Rc8 25. Bd3 Ng8 26. Qe2 Ra8 27. Ne3 Ne7 28. Nd1 Nc6 29. Nxc6 Qxc6 30. h4 Qa4 31. Kb1 Qxd4 32. h5 Rh6 33. c3 Qh8 34. Ne3 Nc5 35. Bxf5 Qe5 36. Bc2 Re8 37. Qd2 Rxh5 38. Rxh5 Qxh5 39. Bd1 Qe5 40. Bf3 Ne4 41. Qd3 f5 42. Nc2 Re7 43. Nb4 b5 44. Re1 Qg3 45. Rd1 Qe5 46. Re1 Rc7 47. a4 Rc4 48. Rc1 a5 49. Nc2 Nc5 50. Qe2 Qxe2 51. Bxe2 Rxa4 52. Bxb5 Re4 53. Nd4 Kb6 54. b4 axb4 55. cxb4 Rxd4 0-1

[Event "Oceania zt"]
[Site "Gold Coast"]
[Date "2009.06.22"]
[Round "6"]
[White "Kumar, Manoj"]
[Black "Stahnke, Alexander"]
[Result "1-0"]
[WhiteElo "2017"]
[BlackElo "1795"]
[PlyCount "77"]
[EventDate "2009.06.20"]
[EventType "swiss"]
[EventRounds "9"]
[EventCountry "AUS"]
[SourceTitle "CBM 130 Extra"]
[Source "ChessBase"]
[SourceDate "2009.07.02"]
[SourceVersion "2"]
[SourceVersionDate "2009.07.15"]
[SourceQuality "1"]

1. e4 c5 2. c3 e6 3. d4 cxd4 4. cxd4 a6 5. Nc3 b5 6. Nf3 Bb7 7. Bd3 Nf6 8. a3 Be7 9. 0-0 d6 10. Re1 Nbd7 11. b3 Rc8 12. Bb2 Rc7 13. Rc1 0-0 14. Bb1 Qa8 15. Qd3 g6 16. e5 Nh5 17. Nd5 Bxd5 18. Rxc7 Nf4 19. Qe3 Bxf3 20. Qxf3 Qxf3 21. gxf3 Rd8 22. Bc1 Nd5 23. Ra7 dxe5 24. dxe5 Bc5 25. Rxa6 Nb8 26. Ra5 Nc7 27. Be4 Bb6 28. b4 Bxa5 29. bxa5 Nd5 30. Bg5 Rd7 31. Rc1 Na6 32. Rc6 Ndc7 33. Rd6 Nb8 34. Bc6 Rxd6 35. exd6 Nd5 36. Bxd5 exd5 37. a6 Nc6 38. d7 f6 39. a7 1-0

[Event "Oceania zt"]
[Site "Gold Coast"]
[Date "2009.06.21"]
[Round "4"]
[White "Kumar, Manoj"]
[Black "Oliver, Gareth"]
[Result "1/2-1/2"]
[WhiteElo "2017"]
[BlackElo "2187"]
[PlyCount "38"]
[EventDate "2009.06.20"]
[EventType "swiss"]
[EventRounds "9"]
[EventCountry "AUS"]
[SourceTitle "CBM 130 Extra"]
[Source "ChessBase"]
[SourceDate "2009.07.02"]
[SourceVersion "2"]
[SourceVersionDate "2009.07.15"]
[SourceQuality "1"]

1. d4 Nf6 2. Nf3 g6 3. Bf4 Bg7 4. e3 0-0 5. Be2 d6 6. 0-0 Nc6 7. h3 Nd7 8. e4 e5 9. Be3 Kh8 10. dxe5 Ncxe5 11. Nxe5 Bxe5 12. Nc3 f5 13. f4 Bg7 14. Bf3 Re8 15. Qd2 Qf6 16. Rad1 Qf7 17. Kh1 Nb6 18. a3 Be6 19. exf5 Bxf5 1/2-1/2

[Event "Olympiad-38"]
[Site "Dresden"]
[Date "2008.11.19"]
[Round "6"]
[White "Mohannad, Farhan"]
[Black "Kumar, Manoj"]
[Result "1-0"]
[WhiteElo "2269"]
[BlackElo "2019"]
[PlyCount "81"]
[EventDate "2008.11.13"]
[EventType "team-swiss"]
[EventRounds "11"]
[EventCountry "GER"]
[SourceTitle "CBM 128"]
[Source "ChessBase"]
[SourceDate "2009.01.28"]
[SourceVersion "1"]
[SourceVersionDate "2009.01.28"]
[SourceQuality "1"]
[WhiteTeam "Jordan"]
[BlackTeam "Fiji"]
[WhiteTeamCountry "JOR"]
[BlackTeamCountry "FIJ"]

1. d4 Nf6 2. c4 e6 3. Nc3 d5 4. cxd5 exd5 5. Bg5 Be7 6. e3 0-0 7. Bd3 Nbd7 8. Qc2 Re8 9. Nf3 c6 10. 0-0 Nf8 11. Rae1 h6 12. Bh4 N8d7 13. Rb1 Ne4 14. Bxe7 Qxe7 15. b4 a6 16. a4 Ndf6 17. b5 c5 18. dxc5 Nxc5 19. Rbc1 b6 20. Be2 a5 21. Rfd1 Bb7 22. Nd4 Rac8 23. Nc6 Qe6 24. Rd4 Nce4 25. Nxe4 dxe4 26. Bc4 Qg4 27. Qb3 Rc7 28. Rcd1 Qh5 29. h3 Bc8 30. Rd8 Rd7 31. R1xd7 Bxd7 32. Rxe8+ Bxe8 33. Ne7+ Kh7 34. Nd5 Nxd5 35. Bxd5 f5 36. Bg8+ Kh8 37. Qd5 Qe2 38. Be6 Qe1+ 39. Kh2 Qe2 40. Qd8 Qh5 41. Bd7 1-0

[Event "Olympiad-38"]
[Site "Dresden"]
[Date "2008.11.15"]
[Round "3"]
[White "Kumar, Manoj"]
[Black "Ihsan, Jawad"]
[Result "1/2-1/2"]
[WhiteElo "2019"]
[BlackElo "2166"]
[PlyCount "59"]
[EventDate "2008.11.13"]
[EventType "team-swiss"]
[EventRounds "11"]
[EventCountry "GER"]
[SourceTitle "CBM 128"]
[Source "ChessBase"]
[SourceDate "2009.01.28"]
[SourceVersion "1"]
[SourceVersionDate "2009.01.28"]
[SourceQuality "1"]
[WhiteTeam "Fiji"]
[BlackTeam "Palestine"]
[WhiteTeamCountry "FIJ"]
[BlackTeamCountry "PLE"]

1. d4 Nf6 2. Nf3 d6 3. Bf4 b6 4. c4 Bb7 5. Nc3 e6 6. e3 Be7 7. Bd3 0-0 8. e4 Nbd7 9. 0-0 c5 10. d5 e5 11. Bd2 Re8 12. a3 Nf8 13. b4 Ng6 14. Re1 Bc8 15. h3 Nh5 16. Qc2 Ngf4 17. Bf1 Bf8 18. Kh2 Bd7 19. g3 Ng6 20. Bg2 Qc8 21. b5 f5 22. a4 Be7 23. Qd1 Nf6 24. Ra2 Rf8 25. Bc1 fxe4 26. Ng5 Bf5 27. Ngxe4 Nxe4 28. Nxe4 Qc7 29. Be3 a6 30. Qb3 1/2-1/2